000 00429nam a2200169Ia 4500
003 GCL
008 140319s9999 xx 000 0 eng d
040 _aGCL /
_cGCL
082 0 4 _aCC
_b745.05
_bA C
100 1 _aAMMOUN, DENISE
245 1 0 _aCRAFTS OF EGYPT /
_cAMMOUN, DENISE
260 _a[S.N] :
_bAMERICAN UNIVERSITY IN CAIRO PRESS ،
_c1991
300 _a141
650 0 4 _aHANDCRAFT
650 0 4 _aEGYPT
942 _2ddc
_cBK
999 _c14175
_d14175